| 000 | 00871nam a22002297a 4500 | ||
|---|---|---|---|
| 999 |
_c20966 _d20966 |
||
| 003 | AR-CdUCM | ||
| 008 | 190318b ||||| |||| 00| 0 spa d | ||
| 040 |
_aMUNICIPALIDAD PROVINCIAL DEL CUSCO _cBIBLIOTECA MUNICIPAL DEL CUSCO |
||
| 082 |
_a050 / _bAL44 |
||
| 110 |
_aDepartamento comercial: Distribuidora Navarrete _943748 |
||
| 245 |
_aAlmanaque Universal Navarrete 1989 : _bBanco de datos-Anuario- Atlas / |
||
| 260 |
_aLima : _bNavarrete ; _c1988. |
||
| 300 |
_a703 páginas ; _bFotografías, ilustraciones, tablas _c20cm |
||
| 505 | _aContenido : Almanaque 1989 -- Banco de datos -- Todas las naciones del mundo -- Secciones especiales del país. | ||
| 650 |
_aAlmanaque _918315 |
||
| 650 |
_aHistoria _9136 |
||
| 650 |
_aGeografía _9318 |
||
| 650 |
_aPrimeros auxilios _924100 |
||
| 710 |
_aEditorial Navarrete _918381 |
||
| 942 |
_2ddc _cLIBROS |
||
| 945 | _arcc | ||